[Event "Qatar Masters Open 2015"]
[Site "Doha QAT"]
[Date "2015.12.26"]
[Round "6"]
[White "Harika, Dronavalli"]
[Black "Akopian, Vladimir"]
[Result "0-1"]
[WhiteElo "2513"]
[BlackElo "2648"]
[PlyCount "120"]
[EventDate "2015.12.20"]

1. d4 Nf6 2. c4 g6 3. Nc3 Bg7 4. e4 d6 5. h3 c5 6. d5 O-O 7. Nf3 e6 8. Bd3 Nbd7
9. O-O e5 10. Re1 Ne8 11. Bg5 f6 12. Bh4 Qe7 13. g4 Bh6 14. Kh1 Bf4 15. Bg3 g5
16. Kg2 Rf7 17. Nd2 h5 18. gxh5 Rh7 19. Be2 Ng7 20. Nf1 f5 21. exf5 Nf6 22. Ne3
Bxe3 23. fxe3 Bxf5 24. Bg4 Qd7 25. Bxf5 Nxf5 26. Bf2 Rf8 27. Qe2 Rxh5 28. Rh1
g4 29. Rag1 Rg5 30. hxg4 Nxg4 31. Kf1 Qg7 32. Ne4 Ngxe3+ 33. Ke1 Ng2+ 34. Kd2
Rg6 35. Rh2 Nf4 36. Rxg6 Qxg6 37. Qf3 Ng7 38. Be3 Rf5 39. Qh1 Rh5 40. Bxf4 exf4
41. Rxh5 Nxh5 42. Qf3 Ng3 43. Nf2 Nf1+ 44. Ke2 Ng3+ 45. Kd2 Qf5 46. Nd3 Nh5 47.
a3 Kf7 48. b4 b6 49. bxc5 bxc5 50. Kc3 Kf6 51. Kb3 Kg5 52. Ka4 Nf6 53. Ka5 Qe4
54. Qxe4 Nxe4 55. Ka6 Nd2 56. Kxa7 Nxc4 57. a4 f3 58. Kb7 Nb2 59. Nxc5 dxc5 60.
d6 Nc4 0-1

[Event "Qatar Masters Open 2015"]
[Site "Doha QAT"]
[Date "2015.12.26"]
[Round "6"]
[White "Kosteniuk, Alexandra"]
[Black "Khairullin, Ildar"]
[Result "0-1"]
[WhiteElo "2542"]
[BlackElo "2647"]
[PlyCount "150"]
[EventDate "2015.12.20"]

1. e4 e5 2. Nf3 Nc6 3. Bb5 Nf6 4. O-O Nxe4 5. d4 Nd6 6. Bxc6 dxc6 7. dxe5 Nf5
8. Qxd8+ Kxd8 9. Rd1+ Ke8 10. Nc3 Ne7 11. h3 Ng6 12. Ne2 Be7 13. b3 h5 14. Bb2
h4 15. Re1 a5 16. Nfd4 a4 17. f4 Bc5 18. Kh2 Ne7 19. c4 Rh5 20. Bc3 Nf5 21. e6
Bxe6 22. Nxf5 Rxf5 23. Bxg7 Bd6 24. Bc3 b5 25. b4 bxc4 26. Kh1 Kd7 27. Nd4 Rxf4
28. Nxe6 fxe6 29. Re2 Raf8 30. Kg1 Rg8 31. Rc1 a3 32. Bd2 Rd4 33. Be1 Rf8 34.
Rec2 Rdf4 35. Bd2 Rf2 36. Bh6 Rxc2 37. Rxc2 Rb8 38. Rxc4 Bxb4 39. Bc1 Bd6 40.
Rc3 Rb1 41. Kf2 Rb4 42. Bxa3 Ra4 43. Bc1 Rxa2+ 44. Kf3 Ra4 45. Be3 Be5 46. Rd3+
Ke7 47. Bg5+ Kf7 48. Re3 Bg3 49. Rc3 Kg6 50. Be3 Kf5 51. Rxc6 Ra3 52. Rc5+ e5
53. Ke2 Ra2+ 54. Kf3 Rb2 55. Bd4 Rb3+ 56. Bc3 Ra3 57. Ke2 Ra2+ 58. Kf1 Rf2+ 59.
Kg1 Rc2 60. Kf1 Rf2+ 61. Kg1 Rc2 62. Kf1 Rc1+ 63. Ke2 c6 64. Kd3 Rd1+ 65. Kc4
Ke4 66. Rxc6 Rc1 67. Rc5 Ke3 68. Kb3 Ke2 69. Rxe5+ Bxe5 70. Bxe5 Kf2 71. Bf6
Kg3 72. Kb2 Rg1 73. Kc3 Rxg2 74. Kd3 Kxh3 75. Ke3 Kg4 0-1

[Event "Qatar Masters Open 2015"]
[Site "Doha QAT"]
[Date "2015.12.26"]
[Round "6"]
[White "Sagar, Shah"]
[Black "Dzagnidze, Nana"]
[Result "1/2-1/2"]
[WhiteElo "2441"]
[BlackElo "2559"]
[PlyCount "71"]
[EventDate "2015.12.20"]

1. d4 Nf6 2. c4 e6 3. Nc3 Bb4 4. e3 O-O 5. Bd3 d6 6. Nge2 e5 7. O-O Nc6 8. d5
Ne7 9. e4 a5 10. Na4 Nd7 11. a3 Bc5 12. Nxc5 Nxc5 13. b3 f5 14. exf5 Bxf5 15.
Bxf5 Nxf5 16. Ng3 Qh4 17. Nxf5 Rxf5 18. Be3 Raf8 19. Bxc5 dxc5 20. Qe2 Rh5 21.
h3 Rg5 22. Kh1 Rf6 23. Rac1 e4 24. Rc3 Rfg6 25. Rg3 Rxg3 26. fxg3 Rxg3 27. Qf2
h6 28. Kh2 Rg4 29. Qxh4 Rxh4 30. g4 g5 31. Kg3 Kg7 32. Rf5 Kg6 33. Re5 h5 34.
Rxe4 hxg4 35. hxg4 Kf7 36. Re5 1/2-1/2

[Event "Qatar Masters Open 2015"]
[Site "Doha QAT"]
[Date "2015.12.26"]
[Round "6"]
[White "Fang, Yuxiang"]
[Black "Khotenashvili, Bela"]
[Result "1/2-1/2"]
[WhiteElo "2438"]
[BlackElo "2496"]
[PlyCount "156"]
[EventDate "2015.12.20"]

1. Nf3 g6 2. c4 Bg7 3. Nc3 c5 4. g3 Nc6 5. Bg2 e5 6. O-O Nge7 7. Ne1 d6 8. Nc2
h5 9. h4 Be6 10. d3 Qd7 11. Nd5 O-O 12. Bd2 Bh3 13. Rb1 Bxg2 14. Kxg2 f5 15. e3
e4 16. Bc3 Bxc3 17. Nxc3 exd3 18. Ne1 Ne5 19. b3 Qc6+ 20. Kh3 Qd7 21. Kh2 d2
22. Qxd2 a6 23. Nd5 Rad8 24. a4 Nxd5 25. Qxd5+ Qf7 26. Rd1 Qxd5 27. Rxd5 Ng4+
28. Kg2 Nf6 29. Rd1 b5 30. Nd3 Rd7 31. axb5 axb5 32. Ra1 Rb8 33. Rfd1 Kf7 34.
Ra6 bxc4 35. bxc4 Rbb7 36. Rc6 Kg7 37. Nf4 Ne4 38. Ne6+ Kf6 39. Ng5 Nxg5 40.
hxg5+ Kxg5 41. Rd5 Kh6 42. Kf3 Rb4 43. Rdxd6 Rxd6 44. Rxd6 Rxc4 45. Rc6 Rc2 46.
Kg2 Kg5 47. Kf3 Rc1 48. Kg2 c4 49. Kf3 c3 50. Ke2 c2 51. Kd3 Rd1+ 52. Kxc2 Rf1
53. f4+ Kh6 54. Rc3 Rf2+ 55. Kd3 Rg2 56. Rc8 Rxg3 57. Ke2 Kg7 58. Kf2 h4 59.
Re8 Kf7 60. Rh8 Rg4 61. Rh7+ Ke6 62. Kf3 Rg3+ 63. Kf2 Rg4 64. Kf3 Kd6 65. Rh8
Ke7 66. Rh7+ Kf6 67. Kf2 Ke6 68. Kf3 Rg3+ 69. Kf2 Rh3 70. Rh8 Kf7 71. Rh7+ Kf6
72. Ke2 Rh1 73. Kf2 h3 74. Kg3 Rg1+ 75. Kf2 Rg2+ 76. Kf3 Rh2 77. Kg3 Rg2+ 78.
Kf3 Rh2 1/2-1/2

[Event "Qatar Masters Open 2015"]
[Site "Doha QAT"]
[Date "2015.12.26"]
[Round "6"]
[White "Carlsson, Pontus"]
[Black "Goryachkina, Aleksandra"]
[Result "0-1"]
[WhiteElo "2433"]
[BlackElo "2493"]
[PlyCount "132"]
[EventDate "2015.12.20"]

1. e4 c6 2. d4 d5 3. Nd2 dxe4 4. Nxe4 Nf6 5. Nxf6+ exf6 6. c3 Bf5 7. Ne2 Bd6 8.
Ng3 Bg6 9. Bc4 O-O 10. O-O Nd7 11. f4 Nb6 12. Be2 f5 13. Bd3 Qf6 14. Qc2 c5 15.
dxc5 Bxc5+ 16. Kh1 Rfe8 17. Bxf5 Bxf5 18. Nxf5 Rad8 19. Ng3 Nd5 20. f5 Qh4 21.
Bd2 Ne3 22. Bxe3 Rxe3 23. Rf3 Rde8 24. Rd1 Bb6 25. Rxe3 Rxe3 26. Nf1 Re8 27.
Ng3 h6 28. c4 Bc7 29. Qc3 Qg4 30. Qf3 Qxc4 31. f6 g6 32. b3 Qe6 33. Rf1 b5 34.
Qd3 a6 35. a4 Qe5 36. axb5 Qxb5 37. Qf3 h5 38. Rc1 Qe5 39. Nf1 a5 40. Rc6 Bb8
41. Rc1 Bd6 42. Rd1 Re6 43. Rd5 Qxf6 44. Rxa5 Qb2 45. Rd5 Rf6 46. Qd1 Bb4 47.
Rd3 Rf2 48. Rf3 Rxf3 49. Qxf3 Qb1 50. g3 Bc5 51. h3 Qb2 52. Qa8+ Kg7 53. Qd5
Qf2 54. Qg2 Qd4 55. Nd2 Qd3 56. Nc4 Bd4 57. Nd2 Bc3 58. Ne4 Qd1+ 59. Kh2 Be5
60. b4 h4 61. Qd2 Qf3 62. Qg2 Qe3 63. b5 Qe1 64. Qf3 f5 65. Nc5 hxg3+ 66. Kg2
Qd2+ 0-1

[Event "Qatar Masters Open 2015"]
[Site "Doha QAT"]
[Date "2015.12.26"]
[Round "6"]
[White "Dai, Changren"]
[Black "Batsiashvili, Nino"]
[Result "1/2-1/2"]
[WhiteElo "2328"]
[BlackElo "2498"]
[PlyCount "104"]
[EventDate "2015.12.20"]

1. e4 e5 2. Nf3 Nc6 3. Bb5 a6 4. Ba4 Nf6 5. O-O Be7 6. Re1 b5 7. Bb3 O-O 8. c3
d5 9. exd5 Nxd5 10. Nxe5 Nxe5 11. Rxe5 c6 12. d3 Bd6 13. Re1 Bf5 14. Qf3 Re8
15. Rxe8+ Qxe8 16. Nd2 Qe1+ 17. Nf1 Bg6 18. Bxd5 cxd5 19. Qxd5 Rd8 20. Bg5 Qxa1
21. Bxd8 Bxh2+ 22. Kxh2 Qxf1 23. Bb6 h6 24. Qa8+ Kh7 25. Qxa6 Qxd3 26. Be3 Be4
27. Qb6 Qe2 28. Qd6 f6 29. Qd2 Qh5+ 30. Kg1 Qg4 31. f4 h5 32. Qf2 Kg8 33. Kh2
Bc6 34. b3 Qe6 35. Bd4 Qe4 36. a4 bxa4 37. bxa4 Qd5 38. Qc2 Kf7 39. Be3 h4 40.
Bd4 Qh5 41. Qa2+ Bd5 42. Qb2 Bc6 43. Qb3+ Kg6 44. Qc4 Bd5 45. Qb5 Qf5 46. Qe8+
Bf7 47. Qe3 Bb3 48. Qf2 Bxa4 49. Qxh4 Qh5 50. Qxh5+ Kxh5 51. Kg3 Bb3 52. Kf3
Bd5+ 1/2-1/2

[Event "Qatar Masters Open 2015"]
[Site "Doha QAT"]
[Date "2015.12.27"]
[Round "7"]
[White "Lin, Chen"]
[Black "Hou, Yifan"]
[Result "1-0"]
[WhiteElo "2532"]
[BlackElo "2683"]
[PlyCount "87"]
[EventDate "2015.12.20"]

1. e4 c5 2. Nf3 d6 3. Bb5+ Nd7 4. d4 cxd4 5. Qxd4 a6 6. Bxd7+ Bxd7 7. O-O Rc8
8. c4 e5 9. Qd3 b5 10. Na3 Qb6 11. Be3 Qb7 12. cxb5 axb5 13. Rfe1 h6 14. Bd2
Nf6 15. Bb4 Qb8 16. Rad1 d5 17. Bxf8 Kxf8 18. exd5 e4 19. Rxe4 Bf5 20. Re8+
Nxe8 21. Qxf5 Nd6 22. Qf4 Kg8 23. Ne5 Qc7 24. Nc6 Kh7 25. Qb4 Ra8 26. g3 Ra4
27. Qc5 Rha8 28. Re1 Qd7 29. Re7 Ne4 30. Rxd7 Nxc5 31. Rxf7 b4 32. Nc4 Rxa2 33.
Kg2 b3 34. d6 R8a4 35. N6e5 Ra1 36. Rc7 Ne6 37. Re7 Nc5 38. d7 Rd1 39. Ne3 Rad4
40. Nxd1 Rxd1 41. Re8 Nxd7 42. Rd8 Rd2 43. Nxd7 Rxb2 44. Nc5 1-0

[Event "Qatar Masters Open 2015"]
[Site "Doha QAT"]
[Date "2015.12.27"]
[Round "7"]
[White "Abdumalik, Zhansaya"]
[Black "Kosteniuk, Alexandra"]
[Result "0-1"]
[WhiteElo "2390"]
[BlackElo "2542"]
[PlyCount "88"]
[EventDate "2015.12.20"]

1. e4 e5 2. Nf3 Nc6 3. Bb5 a6 4. Ba4 Nf6 5. O-O Be7 6. Re1 b5 7. Bb3 d6 8. c3
O-O 9. h3 h6 10. d4 Re8 11. Nbd2 Bf8 12. Nf1 Bb7 13. Ng3 Na5 14. Bc2 Nc4 15. a4
Nb6 16. b3 bxa4 17. bxa4 a5 18. Bd3 Qc8 19. d5 c6 20. Be3 cxd5 21. Bxb6 dxe4
22. Nxe4 Bxe4 23. Bb5 Re6 24. Be3 Bb7 25. c4 Ne4 26. Nh4 Rf6 27. Qg4 Qc7 28.
Qd7 Qxd7 29. Bxd7 d5 30. cxd5 Bb4 31. Rec1 Nc3 32. Bg4 Bxd5 33. Bd2 Nxa4 34.
Bxb4 axb4 35. Nf5 Be4 36. Ng3 Bd3 37. Bf3 Rxf3 38. gxf3 b3 39. Re1 b2 40. Rad1
Bc2 41. Ne2 Bxd1 42. Rxd1 Rb8 43. Rb1 Rb3 44. Kg2 Ra3 0-1

[Event "Qatar Masters Open 2015"]
[Site "Doha QAT"]
[Date "2015.12.27"]
[Round "7"]
[White "Khademalsharieh, Sarasadat"]
[Black "Harika, Dronavalli"]
[Result "0-1"]
[WhiteElo "2380"]
[BlackElo "2513"]
[PlyCount "84"]
[EventDate "2015.12.20"]

1. d4 g6 2. c4 Bg7 3. Nf3 d6 4. g3 Nf6 5. Bg2 O-O 6. O-O Nbd7 7. Nc3 e5 8. e4
exd4 9. Nxd4 Re8 10. h3 Nc5 11. Re1 Bd7 12. Rb1 h6 13. f4 Nfxe4 14. Bxe4 Bxh3
15. Kh2 Qd7 16. Re3 Nxe4 17. Nxe4 Bg4 18. Qd2 Re7 19. Nc3 Rxe3 20. Qxe3 Re8 21.
Qf2 c5 22. Nf3 Qf5 23. Nh4 Qh5 24. Be3 g5 25. fxg5 hxg5 26. Bxg5 Qxg5 27. Re1
Rxe1 28. Qxe1 Be5 29. Kg2 Bd7 30. Nf3 Qf5 31. Nxe5 Qxe5 32. Qd2 Bc6+ 33. Nd5 b5
34. b3 Bxd5+ 35. cxd5 c4 36. bxc4 bxc4 37. Kf2 Kg7 38. Kf3 Kf6 39. g4 Ke7 40.
Qa5 Kf8 41. Qd2 Kg7 42. a4 a6 0-1

[Event "Qatar Masters Open 2015"]
[Site "Doha QAT"]
[Date "2015.12.27"]
[Round "7"]
[White "Goryachkina, Aleksandra"]
[Black "Raja Harshit"]
[Result "1/2-1/2"]
[WhiteElo "2493"]
[BlackElo "2325"]
[PlyCount "50"]
[EventDate "2015.12.20"]

1. d4 d5 2. c4 c6 3. e3 Nf6 4. Nc3 e6 5. Nf3 Nbd7 6. Qc2 Bd6 7. Bd3 O-O 8. O-O
dxc4 9. Bxc4 b5 10. Be2 Bb7 11. e4 e5 12. dxe5 Nxe5 13. Nh4 Ng6 14. Nf5 Be5 15.
f4 Bd4+ 16. Nxd4 Qxd4+ 17. Kh1 c5 18. Nxb5 Qxe4 19. Qxe4 Bxe4 20. Nd6 Bd5 21.
Nf5 Rfe8 22. Bb5 Reb8 23. Be2 Re8 24. Bb5 Reb8 25. Be2 Re8 1/2-1/2

[Event "Qatar Masters Open 2015"]
[Site "Doha QAT"]
[Date "2015.12.27"]
[Round "7"]
[White "Dzagnidze, Nana"]
[Black "Venkatesh, M.R."]
[Result "1/2-1/2"]
[WhiteElo "2559"]
[BlackElo "2451"]
[PlyCount "120"]
[EventDate "2015.12.20"]

1. Nf3 Nf6 2. c4 g6 3. b3 Bg7 4. Bb2 d6 5. g3 e5 6. Bg2 O-O 7. O-O c5 8. Nc3
Nc6 9. e3 Bf5 10. d4 e4 11. Ng5 cxd4 12. exd4 e3 13. Nh3 Qc8 14. Nf4 exf2+ 15.
Kh1 Re8 16. Ncd5 Ne4 17. Rc1 h5 18. Rc2 h4 19. gxh4 Qd8 20. Ne3 Ng3+ 21. hxg3
Rxe3 22. Rc3 Rxg3 23. Rxg3 Qxh4+ 24. Rh3 Qxf4 25. Qf3 Qxf3 26. Rxf3 Nb4 27.
R3xf2 Nd3 28. Rxf5 gxf5 29. Bc3 Re8 30. Bxb7 Re2 31. Rxf5 Nf2+ 32. Kg1 Nd1 33.
Bf3 Rc2 34. Bxd1 Rxc3 35. d5 Rc1 36. Rf1 Ra1 37. Bh5 Bd4+ 38. Kg2 Rxa2+ 39. Kf3
Rh2 40. Bxf7+ Kg7 41. Be6 a5 42. Ke4 Bc5 43. Ra1 Re2+ 44. Kf5 Rf2+ 45. Kg5 Be3+
46. Kg4 Bb6 47. Bd7 Re2 48. Kf5 Re5+ 49. Kf4 Kf6 50. Rh1 Be3+ 51. Kf3 Bc5 52.
Kf4 Be3+ 53. Kg4 Re7 54. Rh3 Rg7+ 55. Kf3 Bc5 56. Ba4 Ke5 57. Rh4 Rf7+ 58. Ke2
Rf2+ 59. Kd3 Rf3+ 60. Ke2 Rf2+ 1/2-1/2

[Event "Qatar Masters Open 2015"]
[Site "Doha QAT"]
[Date "2015.12.27"]
[Round "7"]
[White "Khotenashvili, Bela"]
[Black "Sagar, Shah"]
[Result "1-0"]
[WhiteElo "2496"]
[BlackElo "2441"]
[PlyCount "155"]
[EventDate "2015.12.20"]

1. d4 d6 2. Nf3 g6 3. c4 Bg7 4. Nc3 Bg4 5. e3 c5 6. Be2 cxd4 7. exd4 Nc6 8. O-O
Nh6 9. d5 Bxf3 10. Bxf3 Ne5 11. Be2 Nf5 12. Re1 Qb6 13. Qa4+ Kf8 14. Bf1 h5 15.
Ne4 Ng4 16. h3 Bd4 17. Qc2 Ne5 18. Rb1 a5 19. b3 f6 20. Ba3 Rc8 21. Rbd1 Kf7
22. Nc3 Qd8 23. Bb2 Qd7 24. Rxd4 Nxd4 25. Qd1 Ndf3+ 26. gxf3 Qf5 27. Re3 g5 28.
Ne4 Rcg8 29. Bxe5 fxe5 30. Qd3 Qg6 31. Ng3 g4 32. Qxg6+ Rxg6 33. Bd3 Rg5 34. h4
Rg7 35. Bf5 gxf3 36. Rxf3 Ke8 37. Kh2 Kd8 38. Be6 Kc7 39. a3 Kb6 40. b4 axb4
41. axb4 Ra8 42. Rf7 Rxf7 43. Bxf7 Ra4 44. Bxh5 Rxb4 45. Be2 Kc5 46. h5 b5 47.
cxb5 Kxd5 48. Kg2 Ke6 49. h6 Kf7 50. Nf5 Kg6 51. Nxe7+ Kxh6 52. Nf5+ Kg5 53.
Nxd6 Kf4 54. Nc8 Rb2 55. Bf1 e4 56. Nb6 Rb1 57. Nd5+ Ke5 58. Ne3 Kd4 59. Kg3
Rb2 60. Kg2 Rb1 61. Be2 Kc3 62. Kg3 Kd4 63. Kf4 Rb3 64. Nf5+ Kd5 65. Ne7+ Kd6
66. Nf5+ Kd5 67. Ng3 Rb4 68. Kf5 Rd4 69. Nxe4 Rb4 70. Bh5 Kd4 71. Be8 Kd3 72.
Bc6 Ke2 73. f4 Kf3 74. Ke5 Kg4 75. f5 Kh5 76. Ke6 Kh6 77. f6 Rb1 78. Ke7 1-0

[Event "Qatar Masters Open 2015"]
[Site "Doha QAT"]
[Date "2015.12.27"]
[Round "7"]
[White "Batsiashvili, Nino"]
[Black "Pourkashiyan, Atousa"]
[Result "1/2-1/2"]
[WhiteElo "2498"]
[BlackElo "2322"]
[PlyCount "137"]
[EventDate "2015.12.20"]

1. d4 d5 2. c4 Nc6 3. cxd5 Qxd5 4. e3 e5 5. Nc3 Bb4 6. Bd2 Bxc3 7. bxc3 Nf6 8.
f3 O-O 9. e4 Qd6 10. d5 Ne7 11. Be3 Nd7 12. g4 Ng6 13. Qd2 Nc5 14. h4 Bd7 15.
Nh3 Rfd8 16. h5 Nf8 17. c4 c6 18. Rc1 cxd5 19. cxd5 Rdc8 20. Be2 a5 21. O-O b5
22. Nf2 b4 23. f4 Na4 24. fxe5 Qxe5 25. Bf4 Qe7 26. e5 Nc3 27. Bf3 Bb5 28. Rfe1
Bc4 29. h6 Ng6 30. d6 Qh4 31. Bh2 Rd8 32. hxg7 Be6 33. Ne4 Nxe4 34. Rxe4 Rac8
35. Rf1 h6 36. Bd1 Rc3 37. Bb3 Rxb3 38. axb3 Bxb3 39. Ra1 Be6 40. Rxa5 b3 41.
Raa4 Rc8 42. g5 Qxg5+ 43. Qxg5 hxg5 44. Rab4 Kxg7 45. Bg3 Nf8 46. Be1 Rc2 47.
Bf2 Nd7 48. Re1 Kg6 49. Bd4 g4 50. Re3 Kf5 51. Kf1 Bc4+ 52. Ke1 Ke6 53. Rc3 Bd5
54. Rxc2 bxc2 55. Kd2 Be4 56. Bb2 Bf5 57. Rb5 g3 58. Ke3 g2 59. Kf2 Be4 60. Kg1
Bc6 61. Ra5 c1=Q+ 62. Bxc1 Nxe5 63. Bf4 f6 64. d7 Kxd7 65. Bxe5 fxe5 66. Rxe5
Kd6 67. Rg5 Bd5 68. Kf2 Ke6 69. Rxg2 1/2-1/2

[Event "Qatar Masters Open 2015"]
[Site "Doha QAT"]
[Date "2015.12.28"]
[Round "8"]
[White "Hou, Yifan"]
[Black "Lu, Shanglei"]
[Result "1/2-1/2"]
[WhiteElo "2683"]
[BlackElo "2618"]
[PlyCount "86"]
[EventDate "2015.12.20"]

1. e4 e5 2. Nf3 Nc6 3. Bc4 Bc5 4. d3 Nf6 5. Nbd2 d6 6. c3 O-O 7. h3 Bb6 8. Bb3
Ne7 9. Nf1 Ng6 10. Ng3 h6 11. O-O Re8 12. Re1 Be6 13. a4 a5 14. d4 Bxb3 15.
Qxb3 d5 16. exd5 exd4 17. Rxe8+ Qxe8 18. Bd2 dxc3 19. Bxc3 Ne4 20. Nxe4 Qxe4
21. Re1 Qf4 22. Bd2 Qd6 23. Qb5 Kh7 24. b4 axb4 25. Bxb4 c5 26. dxc6 Qxc6 27.
Qxc6 bxc6 28. a5 Bc7 29. Kf1 Nf4 30. Ra1 Ra6 31. Bd2 Kg6 32. Nd4 c5 33. Nb5 Be5
34. Ra4 Ne6 35. Ke2 Kf6 36. Kd3 Ke7 37. g3 Kd7 38. f4 Kc6 39. Kc4 Bf6 40. Ra3
Nd8 41. Nc3 Nb7 42. Ne4 Bd8 43. f5 Nxa5+ 1/2-1/2

[Event "Qatar Masters Open 2015"]
[Site "Doha QAT"]
[Date "2015.12.28"]
[Round "8"]
[White "Fedoseev, Vladimir3"]
[Black "Harika, Dronavalli"]
[Result "1-0"]
[WhiteElo "2664"]
[BlackElo "2513"]
[PlyCount "129"]
[EventDate "2015.12.20"]

1. f4 d5 2. Nf3 g6 3. e3 Bg7 4. c4 Nf6 5. Nc3 O-O 6. cxd5 Nxd5 7. Bc4 Nb6 8.
Be2 c5 9. b3 Nc6 10. Bb2 e5 11. fxe5 Nxe5 12. O-O Be6 13. Qc1 Rc8 14. Ne4 Nxf3+
15. Bxf3 Bxb2 16. Qxb2 f5 17. Qe5 fxe4 18. Qxe6+ Kh8 19. Qe5+ Qf6 20. Qxf6+
Rxf6 21. Bxe4 Rd6 22. Rf2 Rcd8 23. Rd1 Nd5 24. Rdf1 R8d7 25. Rf7 b5 26. Bxd5
Rxd5 27. Rxd7 Rxd7 28. Rd1 Kg7 29. Kf2 Kf6 30. Ke2 Ke5 31. Rc1 Kd5 32. a3 a5
33. d3 Ra7 34. Rb1 Ra8 35. a4 Rb8 36. axb5 Rxb5 37. Ra1 Kc6 38. Ra3 Kb6 39. Kd2
Rb4 40. Kc3 Rg4 41. g3 Kb5 42. Ra4 Rg5 43. Rf4 Re5 44. e4 Re7 45. Rf8 Ra7 46.
Rb8+ Kc6 47. Rc8+ Kd6 48. Rh8 Kc6 49. g4 Kd6 50. Rd8+ Kc6 51. Rh8 Kd6 52. g5
Kc6 53. Kc4 a4 54. Rf8 Kd6 55. Rf6+ Ke7 56. bxa4 Rxa4+ 57. Kxc5 Ra5+ 58. Kc4
Rxg5 59. Rb6 Rh5 60. Rb2 Kd6 61. d4 Ra5 62. e5+ Kc7 63. Rf2 h5 64. Rf7+ Kd8 65.
d5 1-0

[Event "Qatar Masters Open 2015"]
[Site "Doha QAT"]
[Date "2015.12.28"]
[Round "8"]
[White "Kosteniuk, Alexandra"]
[Black "Moiseenko, Alexander"]
[Result "1/2-1/2"]
[WhiteElo "2542"]
[BlackElo "2689"]
[PlyCount "122"]
[EventDate "2015.12.20"]

1. e4 c5 2. Nf3 Nc6 3. d4 cxd4 4. Nxd4 e5 5. Nb5 d6 6. c4 Be7 7. N1c3 a6 8. Na3
Be6 9. Nc2 Nf6 10. Be2 O-O 11. O-O Rc8 12. Be3 Na5 13. b3 b5 14. Nd5 Bxd5 15.
exd5 bxc4 16. b4 Nb7 17. Na3 a5 18. bxa5 Qxa5 19. Nxc4 Qxd5 20. Nb6 Qxd1 21.
Rfxd1 Rc2 22. Bd3 Rc7 23. Bb5 Rb8 24. a4 Na5 25. Rab1 h6 26. f3 Rcb7 27. Ba6
Rc7 28. Rb5 Nc6 29. Rc1 Bd8 30. Nc8 Rbxc8 31. Bxc8 Rxc8 32. a5 Nd7 33. a6 Kh7
34. Rb7 Nc5 35. Bxc5 Bg5 36. Ra1 dxc5 37. a7 Ra8 38. Ra6 Nxa7 39. Raxa7 Be3+
40. Kf1 Rxa7 41. Rxa7 Kg6 42. Ke2 Bd4 43. Rc7 f5 44. Kd3 h5 45. Rc6+ Kg5 46. g3
h4 47. Ke2 e4 48. Re6 exf3+ 49. Kxf3 h3 50. Rd6 Bf6 51. Rc6 Bd4 52. Rd6 g6 53.
Re6 c4 54. Rd6 Bf6 55. Rc6 c3 56. Rc5 Bd4 57. Rc4 Be5 58. Rc6 Bd4 59. Rc4 Bg7
60. Rc7 Be5 61. Rc6 Bd4 1/2-1/2

[Event "Qatar Masters Open 2015"]
[Site "Doha QAT"]
[Date "2015.12.28"]
[Round "8"]
[White "Roy, Prantik"]
[Black "Khotenashvili, Bela"]
[Result "1/2-1/2"]
[WhiteElo "2370"]
[BlackElo "2496"]
[PlyCount "194"]
[EventDate "2015.12.20"]

1. d4 Nf6 2. c4 c5 3. d5 g6 4. Nc3 Bg7 5. e4 d6 6. Bd3 O-O 7. h3 e6 8. Nf3 exd5
9. cxd5 a6 10. a4 Re8 11. O-O Nh5 12. Bg5 Bf6 13. Bh6 Bg7 14. Bg5 Bf6 15. Bh6
Nd7 16. Qc2 Rb8 17. Kh2 Bg7 18. Bg5 Bf6 19. Bh6 Bg7 20. Bg5 Qc7 21. Nd2 Be5+
22. f4 Bf6 23. Bh6 Bg7 24. Bxg7 Nxg7 25. Rae1 Qd8 26. Nc4 Nb6 27. Ne3 Nd7 28.
Qf2 Qc7 29. Qh4 Qd8 30. Qh6 Nf6 31. e5 dxe5 32. fxe5 Nfh5 33. Nc4 f5 34. Nd6
Rxe5 35. Rxe5 Qxd6 36. Rfe1 Bd7 37. a5 b5 38. axb6 Rxb6 39. Qd2 Rb4 40. Kg1 Qb6
41. Bc2 c4+ 42. Kh2 Qd6 43. Bd1 Nf6 44. Kh1 a5 45. Bf3 a4 46. Re7 Nge8 47. R1e2
Rb8 48. Qd4 Rc8 49. Qa7 Kf8 50. R7e5 Rc7 51. Qb8 a3 52. Re6 Bxe6 53. Rxe6 Qf4
54. Rxf6+ Kg7 55. Qxe8 Kxf6 56. Qf8+ Kg5 57. Qxa3 Qc1+ 58. Kh2 Qf4+ 59. Kg1
Qe3+ 60. Kf1 Re7 61. Qa1 Qd2 62. Qd1 Qxb2 63. d6 Rd7 64. Bc6 Rxd6 65. Qxd6 Qxc3
66. h4+ Kh6 67. Qf8+ Qg7 68. Qxg7+ Kxg7 69. Kf2 Kf6 70. Kf3 Ke5 71. Ba4 h6 72.
Ke3 Kf6 73. Kf4 Ke6 74. Bd1 Kf6 75. Bc2 Ke6 76. Ke3 Ke5 77. Bb1 c3 78. Kf3 Kf6
79. Kf4 Ke6 80. Bc2 Kf6 81. Bb3 g5+ 82. hxg5+ hxg5+ 83. Ke3 Ke5 84. Bc2 f4+ 85.
Kf3 Kd4 86. Bb1 Ke5 87. Bh7 Kd4 88. Bc2 Ke5 89. Ke2 Kd4 90. Bf5 Ke5 91. Bg4 Kd4
92. Bf3 c2 93. Kd2 c1=Q+ 94. Kxc1 Ke3 95. Kd1 Kf2 96. Kd2 g4 97. Bxg4 Kxg2
1/2-1/2

[Event "Qatar Masters Open 2015"]
[Site "Doha QAT"]
[Date "2015.12.28"]
[Round "8"]
[White "Pham, Le Thao Nguyen"]
[Black "Goryachkina, Aleksandra"]
[Result "0-1"]
[WhiteElo "2319"]
[BlackElo "2493"]
[PlyCount "142"]
[EventDate "2015.12.20"]

1. e4 c6 2. d4 d5 3. exd5 cxd5 4. Bd3 Nc6 5. c3 Nf6 6. h3 g6 7. Qc2 Bg7 8. Nf3
Qc7 9. O-O O-O 10. Re1 Bd7 11. Bg5 Rac8 12. Qd2 Rce8 13. Na3 Qc8 14. Bh6 Bf5
15. Bxg7 Kxg7 16. Bf1 Ne4 17. Qd1 Nd6 18. Qb3 Be4 19. Nd2 Rd8 20. Nb5 Bf5 21.
Qa3 Qd7 22. Qc5 Nc8 23. Na3 a6 24. Nab1 Qd6 25. Nb3 Qf6 26. N1d2 b6 27. Qa3 a5
28. Re3 Nd6 29. Rae1 Bd7 30. Nc1 Nf5 31. Rd3 Na7 32. Qb3 Qd6 33. a3 a4 34. Qd1
Rfe8 35. Nf3 f6 36. Rd2 Qc7 37. Nd3 g5 38. Nb4 e6 39. Bd3 Nd6 40. Nh2 Rh8 41.
f4 h6 42. f5 Nxf5 43. Bxf5 exf5 44. Nxd5 Qd6 45. Ne3 f4 46. Nc2 Rhe8 47. Rde2
Nc6 48. Nb4 Nxb4 49. axb4 Rxe2 50. Rxe2 Re8 51. Rxe8 Bxe8 52. Qe2 Bd7 53. Nf3
b5 54. Ne1 Qe6 55. Qxe6 Bxe6 56. Nd3 Bd5 57. Kf2 Kg6 58. Nc5 Kf5 59. Nd7 h5 60.
Nb6 Bb3 61. Nd7 g4 62. hxg4+ hxg4 63. g3 Be6 64. Nc5 Bc8 65. Nd3 fxg3+ 66. Kxg3
Ke4 67. Nf2+ Ke3 68. Nxg4+ Kd3 69. Nxf6 Kc2 70. c4 Kxb2 71. Nd5 a3 0-1

[Event "Qatar Masters Open 2015"]
[Site "Doha QAT"]
[Date "2015.12.28"]
[Round "8"]
[White "Basso, Pier Luigi"]
[Black "Dzagnidze, Nana"]
[Result "1-0"]
[WhiteElo "2438"]
[BlackElo "2559"]
[PlyCount "61"]
[EventDate "2015.12.20"]

1. d4 Nf6 2. c4 e6 3. Nc3 Bb4 4. Qc2 O-O 5. Nf3 d6 6. g3 e5 7. dxe5 dxe5 8. a3
e4 9. axb4 exf3 10. b5 Re8 11. Be3 Bg4 12. Qd1 Qxd1+ 13. Kxd1 Nbd7 14. h3 fxe2+
15. Bxe2 Bf5 16. g4 Bg6 17. g5 Ne4 18. Nd5 Rac8 19. Rxa7 c6 20. Bg4 cxd5 21.
Bxd7 d4 22. Bxc8 dxe3 23. Bxb7 Nxf2+ 24. Ke1 Bh5 25. Ra3 Rd8 26. Rxe3 Nxh1 27.
Bxh1 Rd1+ 28. Kf2 f5 29. Bf3 f4 30. Bxd1 fxe3+ 31. Kxe3 1-0

[Event "Qatar Masters Open 2015"]
[Site "Doha QAT"]
[Date "2015.12.28"]
[Round "8"]
[White "Konguvel, Ponnuswamy"]
[Black "Batsiashvili, Nino"]
[Result "0-1"]
[WhiteElo "2377"]
[BlackElo "2498"]
[PlyCount "136"]
[EventDate "2015.12.20"]

1. e4 e5 2. Nf3 Nc6 3. Bb5 a6 4. Ba4 Nge7 5. c3 g6 6. d4 exd4 7. cxd4 Bg7 8. d5
Na5 9. O-O O-O 10. Bd2 Nc4 11. Bc3 Nxb2 12. Qc2 Nxa4 13. Bxg7 Kxg7 14. Qxa4 d6
15. Nbd2 c5 16. dxc6 Nxc6 17. Rfd1 Qe7 18. Rab1 Bg4 19. Rb6 Rad8 20. Rdb1 Bc8
21. Qb3 Rfe8 22. h3 Qe6 23. Qb2+ Qf6 24. Qb3 h6 25. a4 Kh7 26. Qd5 Re7 27. Nh2
Re5 28. Qd3 d5 29. f4 Rxe4 30. Nxe4 dxe4 31. Qxe4 Bf5 32. Ng4 Qg7 33. Qe1 Bxb1
34. Qxb1 Qd4+ 35. Nf2 Qxf4 36. Rxb7 Rd2 37. Qe1 Rc2 38. Ne4 Nd4 39. Ng3 Kg7 40.
Rb1 Qxg3 41. Qxg3 Ne2+ 42. Kf2 Nxg3+ 43. Kxg3 Rc4 44. Ra1 a5 45. Kf3 Rb4 46. g3
Kf6 47. h4 Kf5 48. Ra3 h5 49. Rc3 Rxa4 50. Rc5+ Ke6 51. Rc6+ Ke5 52. Rc7 Ra3+
53. Kg2 Kf6 54. Rc6+ Ke5 55. Rc7 Ke6 56. Rc6+ Kd7 57. Rf6 Ke7 58. Ra6 Ra4 59.
Kf3 Kd7 60. Rf6 Rg4 61. Rxf7+ Kc6 62. Ra7 a4 63. Ra5 Kb6 64. Ra8 Kb5 65. Rb8+
Kc4 66. Rb6 a3 67. Ra6 Kb3 68. Rb6+ Rb4 0-1

[Event "Qatar Masters Open 2015"]
[Site "Doha QAT"]
[Date "2015.12.29"]
[Round "9"]
[White "Li, Di"]
[Black "Hou, Yifan"]
[Result "0-1"]
[WhiteElo "2389"]
[BlackElo "2683"]
[PlyCount "106"]
[EventDate "2015.12.20"]

1. d4 Nf6 2. c4 b6 3. Nf3 Bb7 4. g3 g6 5. Bg2 Bg7 6. O-O O-O 7. d5 Qe8 8. Nc3
e5 9. e4 d6 10. h3 a5 11. Be3 Na6 12. b3 Nh5 13. Nh4 Bc8 14. Nb5 Bd7 15. Bf3
Nf6 16. g4 h6 17. Nc3 Qe7 18. Ng2 Nh7 19. h4 Nc5 20. Qd2 f5 21. gxf5 gxf5 22.
Bxc5 bxc5 23. exf5 Bxf5 24. Be4 Bg4 25. Rae1 Nf6 26. f3 Bh3 27. Kh2 Bd7 28. Bg6
Kh8 29. Ne4 Ng8 30. Ng3 Bf6 31. Re4 Bg7 32. Re2 a4 33. Bb1 h5 34. Qd3 Bh6 35.
Nxh5 Bf5 36. Qd1 axb3 37. Qxb3 Rab8 38. Qxb8 Rxb8 39. Bxf5 Qf7 40. Bg4 Rb4 41.
Re4 Rb2 42. a4 Qe8 43. a5 Qa4 44. Be6 Ne7 45. Rg4 Qxa5 46. Nf6 Qa2 47. Kh3 Rf2
48. Rxf2 Qxf2 49. f4 exf4 50. h5 Qf3+ 51. Kh2 Qe2 52. Kh3 Qd3+ 53. Kh4 Qf1 0-1